000 004700000a22001690004500
090 _aAR
_b02000
245 1 0 _aDermaptera of Venezuela
650 1 4 _aInsectos
_992622
650 1 4 _aEntomología
_94483
650 1 4 _aColecciones biológicas
_94146
650 1 4 _aInventarios de insectos
_993273
651 4 _pVenezuela
_992749
041 0 _aInglés
100 1 _aBrindle, A.
_995447
942 _cARTICULO
_01
773 1 _tActa Biológica de Venezuela
_3554
_h1
_q82-98
_d1968
_g6
999 _c11077
_d11077